00492nam a2200145Ia 4500008004100000082001100041082000800052245008700060245003600147260003600183300000900219942000800228999001900236952009100255231017s9999 xx 000 0 und d a363.12 bLON 3aAn analysis of the significant decline in motor vehicle traffic facilities in 2008 0cUS Department of Transportation bUS Department of Transportation c30cm cREP c605476d605476 00104070aNITbNITd2023-10-17l0o363.12 LONpNIT-8141r2023-10-17w2023-10-17yREP